<?xml version="1.0" encoding="UTF-8"?>
<marc:record xmlns:marc="http://www.loc.gov/MARC21/slim">
   <marc:leader>00000nam a2200000 a 4500</marc:leader>
   <marc:datafield ind1="1" ind2=" " tag="100">
      <marc:subfield code="a">Macht, Gabriel</marc:subfield>
   </marc:datafield>
   <marc:datafield ind1="1" ind2=" " tag="100">
      <marc:subfield code="a">Adams, Patrick J.</marc:subfield>
   </marc:datafield>
   <marc:datafield ind1=" " ind2=" " tag="653">
      <marc:subfield code="a">Serie</marc:subfield>
   </marc:datafield>
   <marc:datafield ind1="0" ind2="0" tag="245">
      <marc:subfield code="a">Suits</marc:subfield>
   </marc:datafield>
   <marc:datafield ind1="0" ind2="0" tag="245">
      <marc:subfield code="b">Season Five</marc:subfield>
   </marc:datafield>
   <marc:datafield ind1="0" ind2="0" tag="245">
      <marc:subfield code="c">Kevin Bray</marc:subfield>
   </marc:datafield>
   <marc:datafield ind1=" " ind2="1" tag="264">
      <marc:subfield code="a">Berlin</marc:subfield>
      <marc:subfield code="b">Universal Family Entertainment</marc:subfield>
      <marc:subfield code="c">2016</marc:subfield>
   </marc:datafield>
   <marc:datafield ind1="1" ind2=" " tag="490">
      <marc:subfield code="a">Suits</marc:subfield>
      <marc:subfield code="v">5</marc:subfield>
   </marc:datafield>
   <marc:datafield ind1="1" ind2=" " tag="520">
      <marc:subfield code="a">In der packenden 5. Staffel von SUITS werden erneut Grenzen überschritten und Bündnisse getestet. Harvey (Gabriel Macht) kämpft mit seinem Gefühlschaos, als Donna (Sarah Rafferty) ihn verlässt, um ausgerechnet für Louis (Rick Hoffman) zu arbeiten. Aber auch Louis muss sich einigen unangenehmen Wahrheiten stellen: Seine erfolgreiche Schwester braucht dringend einen Anwalt ... aber nicht ihn. Mike (Patrick J. Adams) gerät einmal mehr mit dem Gesetz in Konflikt. Seine Verhaftung ist eine schwere Belastungsprobe für seine Beziehung zu Rachel (Meghan Markle) und droht sogar, die Kanzlei in den Abgrund zu reißen. Jessica (Gina Torres) muss sich jetzt entscheiden, ob Harvey tatsächlich die Person ist, auf die sie sich blind verlassen kann. Episoden: 01 Trennungsschmerzen 02 Keine Frage des Geldes 03 Weggefährten 04 Familiensache 05 Schlammschlacht 06 Zwickmühle 07 Tiefschlag 08 Stunde der Wahrheit 09 Ungebetene Gäste 10 Kuhhandel 11 Ärger im Anzug 12 Zwietracht 13 Versuchung 14 Self Defense 15 Tick Tock 16 25th Hour</marc:subfield>
   </marc:datafield>
   <marc:datafield ind1=" " ind2=" " tag="020">
      <marc:subfield code="a">9780582947177</marc:subfield>
      <marc:subfield code="9">9780582947177</marc:subfield>
   </marc:datafield>
   <marc:datafield ind1=" " ind2=" " tag="020">
      <marc:subfield code="a">5053083082222</marc:subfield>
      <marc:subfield code="9">5053083082222</marc:subfield>
   </marc:datafield>
   <marc:datafield ind1="0" ind2=" " tag="490">
      <marc:subfield code="v">0</marc:subfield>
   </marc:datafield>
   <marc:datafield ind1=" " ind2=" " tag="300">
      <marc:subfield code="a">4 DVD</marc:subfield>
   </marc:datafield>
</marc:record>
